Functional dynamics of phytophagous insects

Uloženo v:
Podrobná bibliografie
Hlavní autor: Ananthakrishnan, T. N
Médium: Kniha
Jazyk:angličtina
Vydáno: Lebanon Science 1994
Témata:
Tagy: Přidat tag
Žádné tagy, Buďte první, kdo vytvoří štítek k tomuto záznamu!

MARC

LEADER 00000nam a2200000 a 4500
001 UCP4512
003 CL-VaPUC
005 20220831074420.0
008 990806e19940000us |||||||||||||||||eng|d
999 |c 282453  |d 282451 
040 |c Pontificia Universidad Católica de Valparaíso 
082 0 4 |a 597.5 ANA 1994  |2 21 
100 0 |a Ananthakrishnan, T. N  |9 432060 
245 1 0 |a Functional dynamics of phytophagous insects 
260 |a Lebanon  |b Science  |c 1994 
300 |a 304 páginas 
583 |a last modification  |c 20171212 06:30:40  |k Rodrigo Vera 
650 7 |a INSECTOS HERBIVOROS  |2 CL-VaPUC  |9 432061 
650 7 |a FISIOLOGIA  |2 CL-VaPUC  |9 432062 
650 0 |a Reproducción  |9 269783 
650 0 |a Entomología   |9 269835 
650 7 |a INSECTOS FITOFAGOS  |2 CL-VaPUC  |9 334459 
942 |c BK  |2 ddc 
945 |d 19990806 00:00:00  |a rbrito 
952 |0 0  |1 0  |2 ddc  |4 0  |6 597_500000000000000_ANA_1994  |7 0  |8 A  |9 324203  |a BIBCUR  |b BIBCUR  |d 2019-11-20  |i 3546179  |o 597.5 ANA 1994  |p 3546179  |r 2025-04-22  |t 1  |w 2019-11-20  |y BK  |k BIO